| 000 | 00523nam a2200145Ia 4500 | ||
|---|---|---|---|
| 008 | 150610s9999 xx 000 0 und d | ||
| 020 | _a345339703 | ||
| 050 |
_aPR 6039 _b.O32 .T649 1982 |
||
| 100 | _aTolkien, John Ronald Reuel, 1892-1973 | ||
| 245 | 4 |
_aThe fellowship of the ring / _cwith a new foreword by the author J.R.R. Tolkien. |
|
| 260 |
_aBoston : _bHoughton Mifflin, _c1982. |
||
| 300 |
_a458pages ; _c18 cm. |
||
| 440 |
_aThe Lord of the rings ; pt.1 _vv.1 |
||
| 650 |
_aMiddle earth (Imaginary place) _xFiction. |
||
| 999 |
_c287834 _d287834 |
||